000 00779nam a2200229Ia 4500
003 BUBTL
008 151213s9999 xx 000 0 und d
041 _aBengali
082 _a344.01/ M3144ll/ 2006
100 _aমনিরুজ্জামান, এ. এ. এম.
_95858
245 _aশ্রম ও শিল্প আইন/
_cএ. এ. এম. মনিরুজ্জামান
250 _a2nd edn.
260 _aDhaka
_bসাম্ছ পাবলিকেশন্স।
_cc2006
300 _a510 p. :
_bill. ; 21 cm.
526 _aLaw
650 _aLaw
650 _a
_95861
700 _aএ. এ. এম. মনিরুজ্জামান
_95860
856 _k0
_l0
_yDownload
942 _2ddc
_cBK
999 _c3168
_d3168